| 000 | 00526nam a2200145Ia 4500 | ||
|---|---|---|---|
| 008 | 170221s9999 xx 000 0 und d | ||
| 100 | _aKelly Mollica | ||
| 245 | _aDomestic violence and the workplace: The employer’s legal responsibilities | ||
| 245 | _cKelly Mollica, The University of Memphis; Carol Danehower, The University of Memphis. | ||
| 260 | _bJournal of Management and Marketing Research | ||
| 260 | _c2012 | ||
| 300 | _a32 : 15 | ||
| 650 | _xBusiness | ||
| 856 | _uhttp://www.aabri.com/manuscripts/142022.pdf | ||
| 999 |
_c311366 _d311366 |
||